| 000 | 01350nam1a2200301 i 4500 | ||
|---|---|---|---|
| 001 | RU\NLR\bibl\299903 | ||
| 005 | 20260407075955.0 | ||
| 035 | _a(NLR Aleph) 000295166 | ||
| 090 |
_a1728738 _c1728738 |
||
| 100 | _a20020829g20009999u a0rusy50 ca | ||
| 101 | 0 | _arus | |
| 102 | _aRU | ||
| 105 | _aa ||||||||| | ||
| 200 | 1 |
_aОлимпиады школьников по экологии _eВ помощь организаторам регион. и обл. олимпиад _e[Метод. руководство] _fМ-во образования Рос. Федерации _g[Теплов Дмитрий Львович, Титов Евгений Викторович] |
|
| 210 |
_aМ. _c[б. и.] _d2000 |
||
| 215 | _d21 | ||
| 463 | 0 | _1001288398 | |
| 606 |
_aОлимпиады школьные по экологии _92214766 _3RU\NLR\auth\661330268 |
||
| 606 |
_aЭкология _xОлимпиады школьные _92214797 _3RU\NLR\auth\661330286 |
||
| 686 | _aЧ426.45-382.16 | ||
| 702 | 1 |
_aТеплов _bД. Л. _gДмитрий Львович _4220 |
|
| 712 | 0 | 1 |
_4570 _aРоссийская Федерация _bМинистерство образования _3RU\NLR\AUTH\884572 _9280683 |
| 801 | 0 |
_aRU _bNLR _c20020829 _gPSBO |
|
| 801 | 1 |
_aRU _bNLR _c20020829 |
|
| 852 |
_aNLR _j2002-4/8812 |
||
| 942 | _cBOOK | ||